F1 drivers 2026 - Statistics

General Stats
  • This quiz has been taken 132 times
  • The average score is 19 of 22
Answer Stats
Team Country Driver % Correct
McLaren United Kingdom ๐Ÿ‡ฌ๐Ÿ‡ง Norris
98%
McLaren Australia ๐Ÿ‡ฆ๐Ÿ‡บ Piastri
96%
Ferrari United Kingdom ๐Ÿ‡ฌ๐Ÿ‡ง Hamilton
95%
Ferrari Monaco ๐Ÿ‡ฒ๐Ÿ‡จ Leclerc
95%
Red Bull Netherlands ๐Ÿ‡ณ๐Ÿ‡ฑ Verstappen
95%
Mercedes United Kingdom ๐Ÿ‡ฌ๐Ÿ‡ง Russell
91%
Williams Spain ๐Ÿ‡ช๐Ÿ‡ธ Sainz
88%
Aston Martin Spain ๐Ÿ‡ช๐Ÿ‡ธ Alonso
87%
Williams Thailand ๐Ÿ‡น๐Ÿ‡ญ Albon
86%
Mercedes Italy ๐Ÿ‡ฎ๐Ÿ‡น Antonelli
86%
Aston Martin Canada ๐Ÿ‡จ๐Ÿ‡ฆ Stroll
86%
Red Bull France ๐Ÿ‡ซ๐Ÿ‡ท Hadjar
85%
Audi Germany ๐Ÿ‡ฉ๐Ÿ‡ช Hulkenberg
83%
Haas United Kingdom ๐Ÿ‡ฌ๐Ÿ‡ง Bearman
80%
Cadillac Finland ๐Ÿ‡ซ๐Ÿ‡ฎ Bottas
80%
Haas France ๐Ÿ‡ซ๐Ÿ‡ท Ocon
80%
Cadillac Mexico ๐Ÿ‡ฒ๐Ÿ‡ฝ Perez
80%
Racing Bulls New Zealand ๐Ÿ‡ณ๐Ÿ‡ฟ Lawson
79%
Alpine France ๐Ÿ‡ซ๐Ÿ‡ท Gasly
78%
Alpine Argentina ๐Ÿ‡ฆ๐Ÿ‡ท Colapinto
75%
Audi Brazil ๐Ÿ‡ง๐Ÿ‡ท Bortoleto
69%
Racing Bulls United Kingdom ๐Ÿ‡ฌ๐Ÿ‡ง Lindblad
59%
No matching quizzes found
Score Distribution
Percent of People with Each Score
Percentile by Number Answered
Your Score History
You have not taken this quiz